|
|
|
|
| LEADER |
01196nam a2200265 a 4500 |
| 001 |
14191577 |
| 008 |
120320s2007 caua b 001 0 eng |
| 010 |
|
|
|a 2005938314
|
| 020 |
|
|
|a 0534399428 (student ed.)
|
| 040 |
|
|
|a DLC
|c DLC
|
| 050 |
0 |
0 |
|a QA276.12
|b .R53 2007
|
| 082 |
0 |
0 |
|a 519.5
|2 22
|
| 100 |
1 |
|
|a Rice, John A.,
|d 1944-
|
| 245 |
1 |
0 |
|a Mathematical statistics and data analysis /
|c John A. Rice.
|
| 250 |
|
|
|a 3rd ed.
|
| 260 |
|
|
|a Belmont, CA :
|b Thomson/Brooks/Cole ;
|a New Delhi :
|b Cengage Learning,
|c c2007[reprinted 2010].
|
| 300 |
|
|
|a 1 v. (various pagings) :
|b ill. ;
|c 25 cm. +
|e 1 CD-ROM (4 3/4 in.)
|
| 490 |
0 |
|
|a Duxbury advanced series
|
| 500 |
|
|
|a System requirements for computer disk: IBM-compatible PC; DOS. Files in ASCII and Minitab formats.
|
| 541 |
|
|
|e 00024716
|
| 650 |
|
0 |
|a Statistics.
|
| 852 |
1 |
|
|a Ayesha Abed Library
|c General shelf.
|
| 999 |
|
|
|c 12001
|d 12001
|
| 952 |
|
|
|0 0
|1 0
|2 ddc
|4 0
|6 519_500000000000000_RIC
|7 0
|9 19738
|a BRACUL
|b BRACUL
|c GEN
|d 2012-03-15
|l 4
|m 40
|o 519.5 RIC
|p 3010024716
|r 2025-10-26
|s 2025-10-19
|t 1
|w 2012-03-20
|y BK
|
| 952 |
|
|
|0 0
|1 0
|2 ddc
|4 0
|6 519_500000000000000_RIC
|7 0
|9 19739
|a BRACUL
|b BRACUL
|c AV
|d 2012-03-15
|l 0
|o 519.5 RIC
|p 4010024716
|r 2012-03-20
|t 1
|w 2012-03-20
|y AV
|